Statistics for Modern-Day Countries of the Iberian Union with a Map

Click here to take the quiz!

General Stats

  • This quiz has been taken 2,839 times
  • The average score is 62 of 65

Answers on the Map

Answers color-coded by a green-red scale on the quiz's map according to % correct below.
 

Answer Stats

Countries% Correct
Belgium
99%
Brazil
99%
Cuba
99%
Italy
99%
Mexico
99%
Portugal
99%
Spain
99%
United States
99%
Algeria
98%
Argentina
98%
Bolivia
98%
Chile
98%
Colombia
98%
Dominican Republic
98%
Ecuador
98%
France
98%
Haiti
98%
India
98%
Indonesia
98%
Morocco
98%
Netherlands
98%
Panama
98%
Peru
98%
Philippines
98%
Uruguay
98%
Venezuela
98%
Belize
97%
Costa Rica
97%
El Salvador
97%
Guatemala
97%
Guyana
97%
Honduras
97%
Jamaica
97%
Mozambique
97%
Nicaragua
97%
Oman
97%
Paraguay
97%
Yemen
97%
Angola
96%
Bangladesh
96%
China
96%
United Arab Emirates
96%
Kenya
95%
Zambia
95%
Zimbabwe
95%
Cape Verde
94%
Democratic Republic of the Congo
94%
East Timor
94%
Germany
94%
Ghana
94%
Malawi
94%
Sri Lanka
94%
Japan
93%
Luxembourg
93%
Mauritania
93%
São Tomé and Príncipe
93%
Tanzania
93%
Guinea-Bissau
91%
Malaysia
91%
Malta
91%
Trinidad and Tobago
91%
Equatorial Guinea
90%
Republic of the Congo
88%
Taiwan
86%
F. S. Micronesia
79%

Score Distribution

Percentile by Number Answered

Percent of People with Each Score

Your Score History

You have not taken this quiz